İslamın beş şərti - Statistics

General Stats
  • This quiz has been taken 20 times
  • The average score is 4 of 5
Answer Stats
Cavab % Correct
Oruc
100%
Namaz
94%
Zəkat
75%
Həcc
63%
Kəlməyi şəhadət
63%
No matching quizzes found
Score Distribution
Percent of People with Each Score
Percentile by Number Answered
Your Score History
You have not taken this quiz